Loading...
Kathakar Raji Seth /
| Main Author: | |
|---|---|
| Language: | Undetermined |
| Published: |
Kanpur :
Aman Prakashan ,
2009.
|
| LEADER | 00540nam a2200157Ia 4500 | ||
|---|---|---|---|
| 001 | 186642 | ||
| 008 | 170722s9999 xx 000 0 und d | ||
| 020 | |a 9788190832014 | ||
| 100 | |a Mirgane Anuradha Janardan | ||
| 245 | |a Kathakar Raji Seth / | ||
| 260 | |a Kanpur : |b Aman Prakashan , |c 2009. | ||
| 300 | |a 216 p. | ||
| 923 | |d 20140823 |n PBC286 | ||
| 942 | |c GEN | ||
| 999 | |c 153756 |d 153756 | ||
| 952 | |0 0 |1 0 |4 0 |6 O_15231N35G_P9 |7 0 |9 216257 |a LIB |b LIB |d 2015-01-01 |e Professional Book Centre |l 8 |o O152,31N35:g P9 |p 298051 |r 2019-02-16 |s 2018-12-29 |v 400.00 |w 2017-08-12 |y GEN | ||